[Event "GER-ch53 V08 email"]
[Site "GER email"]
[Date "2021.04.21"]
[Round "?"]
[White "Bellmann, Herbert"]
[Black "Schmitt, Carsten"]
[Result "1/2-1/2"]
[WhiteElo "2257"]
[BlackElo "2216"]
[PlyCount "55"]
[EventDate "2021.04.21"]
[EventType "tourn (corr)"]
[EventRounds "10"]
[EventCountry "GER"]
[SourceTitle "Corr 2024"]
[Source "ChessBase"]
[SourceDate "2023.10.19"]
[SourceVersion "1"]
[SourceVersionDate "2023.10.19"]
[SourceQuality "1"]

1. d4 Nf6 2. c4 e6 3. Nc3 Bb4 4. e3 b6 5. Bd3 Bb7 6. Nf3 Ne4 7. 0-0 f5 8. Ne2 Bd6 9. a3 a5 10. h3 a4 11. Bd2 Nc6 12. Nc3 Nxd2 13. Nxd2 h5 14. f4 g5 15. d5 g4 16. dxc6 Bxc6 17. Qe2 Rg8 18. g3 h4 19. hxg4 hxg3 20. Nf3 Rxg4 21. Kg2 Qf6 22. Rh1 0-0-0 23. Rh3 Kb8 24. Rah1 Bxa3 25. Rh6 Qg7 26. Rh7 Qf6 27. R7h6 Qg7 28. Rh7 1/2-1/2

[Event "GER-ch51 final email"]
[Site "GER email"]
[Date "2021.01.18"]
[Round "?"]
[White "Jugl, Peter"]
[Black "Schmitt, Carsten"]
[Result "1/2-1/2"]
[WhiteElo "2370"]
[BlackElo "2347"]
[PlyCount "69"]
[EventDate "2021.??.??"]
[EventType "tourn (corr)"]
[EventRounds "14"]
[EventCountry "GER"]
[SourceTitle "Corr 2022"]
[Source "ChessBase"]
[SourceDate "2021.10.24"]
[SourceVersion "1"]
[SourceVersionDate "2021.10.24"]
[SourceQuality "1"]

1. d4 Nf6 2. c4 e6 3. Nf3 Bb4+ 4. Nbd2 0-0 5. a3 Be7 6. e4 d6 7. Be2 Nfd7 8. b4 e5 9. d5 a5 10. Bb2 Qe8 11. 0-0 f5 12. exf5 Nf6 13. c5 Bxf5 14. b5 Kh8 15. Nc4 Nbd7 16. Ne3 Be4 17. c6 Nb6 18. cxb7 Rb8 19. Nd2 Bxd5 20. Nxd5 Nbxd5 21. a4 Rxb7 22. Nc4 Ra7 23. g3 c6 24. Rb1 Qd7 25. Qb3 Ne4 26. bxc6 Qxc6 27. Bf3 Ndf6 28. Qe3 Qxc4 29. Qxa7 Nd2 30. Bg2 Bd8 31. Rbc1 Qb3 32. Qb7 Qxb7 33. Bxb7 Nxf1 34. Kxf1 Nd7 35. Bc6 1/2-1/2

[Event "GER-ch51 final email"]
[Site "GER email"]
[Date "2021.01.18"]
[Round "?"]
[White "Muhl, Christian"]
[Black "Schmitt, Carsten"]
[Result "1/2-1/2"]
[WhiteElo "2186"]
[BlackElo "2223"]
[PlyCount "82"]
[EventDate "2021.??.??"]
[EventType "tourn (corr)"]
[EventRounds "14"]
[EventCountry "GER"]
[SourceTitle "Corr 2024"]
[Source "ChessBase"]
[SourceDate "2023.10.19"]
[SourceVersion "1"]
[SourceVersionDate "2023.10.19"]
[SourceQuality "1"]

1. e4 c5 2. Nf3 d6 3. d4 cxd4 4. Nxd4 Nf6 5. Nc3 a6 6. Be3 e5 7. Nb3 Be6 8. f3 h5 9. Qd2 Nbd7 10. Nd5 Bxd5 11. exd5 g6 12. 0-0-0 Nb6 13. Kb1 Nbxd5 14. Bg5 Be7 15. Bd3 Qc7 16. Rhe1 Nb6 17. a4 0-0-0 18. a5 Nbd7 19. Be3 Kb8 20. Bf2 d5 21. c3 Qc6 22. Qe3 Kc7 23. Re2 Bd6 24. Bc2 h4 25. Red2 Kc8 26. Qe1 Qc4 27. Nc1 Bc7 28. Bb3 Qf4 29. Nd3 Qf5 30. Bc2 e4 31. Nb4 Qe6 32. Bxh4 exf3 33. gxf3 Qxe1 34. Bxe1 Ne5 35. Bg3 Nc4 36. Rd4 Bxg3 37. hxg3 Nxa5 38. g4 Rh4 39. Nxd5 Rxd5 40. Rxd5 Nxd5 41. Rxd5 b5 1/2-1/2

[Event "GER-ch52 V11 email"]
[Site "GER email"]
[Date "2020.04.16"]
[Round "?"]
[White "Mihatsch, Thomas"]
[Black "Schmitt, Carsten"]
[Result "1/2-1/2"]
[WhiteElo "2146"]
[BlackElo "2229"]
[PlyCount "85"]
[EventDate "2020.??.??"]
[EventType "tourn (corr)"]
[EventRounds "10"]
[EventCountry "GER"]
[SourceTitle "Corr 2024"]
[Source "ChessBase"]
[SourceDate "2023.10.19"]
[SourceVersion "1"]
[SourceVersionDate "2023.10.19"]
[SourceQuality "1"]

1. e4 c5 2. Nf3 d6 3. d4 cxd4 4. Nxd4 Nf6 5. Nc3 a6 6. h3 e5 7. Nb3 Be7 8. g4 h6 9. Be3 Nbd7 10. a4 Nf8 11. Qd2 Ng6 12. 0-0-0 Be6 13. f3 Nd7 14. Nd5 Bxd5 15. Qxd5 Qc7 16. Qc4 Qd8 17. Kb1 Rc8 18. Qd5 Qc7 19. Rh2 0-0 20. c3 Qb8 21. Rc2 Rfd8 22. Rcd2 b5 23. axb5 Nb6 24. Bxb6 Nf4 25. Bxd8 Nxd5 26. Rxd5 Bxd8 27. Rxd6 axb5 28. R1d5 Bh4 29. Ra6 Be1 30. Ka2 b4 31. c4 Qb7 32. c5 Qe7 33. Bc4 Kh7 34. Rd3 Bf2 35. c6 Rc7 36. Bb5 Bd4 37. Ra4 Rc8 38. h4 h5 39. gxh5 Qd6 40. Ra6 Qe6 41. Rd2 Qf6 42. Rd3 Qe6 43. Rd2 1/2-1/2

[Event "GER-ch51 V02 email"]
[Site "GER email"]
[Date "2019.04.08"]
[Round "?"]
[White "Schmitt, Carsten"]
[Black "Schumacher, Frank"]
[Result "1-0"]
[WhiteElo "2213"]
[BlackElo "2080"]
[PlyCount "125"]
[EventDate "2019.??.??"]
[EventType "tourn (corr)"]
[EventRounds "10"]
[EventCountry "GER"]
[SourceTitle "Corr 2024"]
[Source "ChessBase"]
[SourceDate "2023.10.19"]
[SourceVersion "1"]
[SourceVersionDate "2023.10.19"]
[SourceQuality "1"]

1. c4 e5 2. g3 Nf6 3. Bg2 d5 4. cxd5 Nxd5 5. Nc3 Nb6 6. Nf3 Nc6 7. 0-0 Be7 8. d3 0-0 9. Be3 Be6 10. Rc1 f5 11. b4 a6 12. a4 Nd5 13. Nxd5 Bxd5 14. b5 axb5 15. axb5 Nd4 16. Bxd4 exd4 17. Qc2 Rc8 18. Qb2 Bf6 19. Rc2 Qd7 20. Rfc1 Rfe8 21. Rc5 c6 22. bxc6 Bxc6 23. h3 h6 24. R1c2 Kh7 25. Qc1 g6 26. Ne1 Re6 27. Bd5 Rd6 28. Bf3 Re6 29. Qb1 Bg7 30. Kf1 h5 31. Qb2 f4 32. gxf4 Rf6 33. Kg2 Rxf4 34. Bxc6 bxc6 35. Nf3 Bf8 36. Ng5+ Kh6 37. Qc1 Bd6 38. Ra5 Kg7 39. e3 dxe3 40. Qxe3 Rg4+ 41. Kf1 Rb4 42. Rc4 Rxc4 43. dxc4 Bb8 44. Qc3+ Kh6 45. Qf6 Qg7 46. Nf7+ Kh7 47. Qe7 Kg8 48. Qe6 Rf8 49. Ne5+ Kh7 50. Nd7 Rd8 51. Nxb8 Rxb8 52. Qe4 Qf6 53. Rxh5+ Kg7 54. Rc5 Rf8 55. Qe3 Rf7 56. Qe5 Qxe5 57. Rxe5 Rf6 58. Kg2 Kh6 59. Kg3 Rd6 60. Rc5 Kh7 61. f4 Kg7 62. Kg4 Kf7 63. h4 1-0

[Event "GER HS-234 email"]
[Site "GER email"]
[Date "2017.11.25"]
[Round "?"]
[White "Hagen, Joerg"]
[Black "Schmitt, Carsten"]
[Result "0-1"]
[WhiteElo "1756"]
[BlackElo "2179"]
[PlyCount "34"]
[EventDate "2017.12.01"]
[EventType "tourn (corr)"]
[EventRounds "6"]
[EventCountry "GER"]
[SourceTitle "Corr 2022"]
[Source "ChessBase"]
[SourceDate "2021.10.24"]
[SourceVersion "1"]
[SourceVersionDate "2021.10.24"]
[SourceQuality "1"]

1. d4 Nf6 2. Bg5 e6 3. e4 h6 4. Bxf6 Qxf6 5. c3 d6 6. Bd3 e5 7. Ne2 g6 8. 0-0 Bg7 9. f4 Qe7 10. Nd2 0-0 11. Qb3 Nc6 12. d5 Nb8 13. fxe5 Bxe5 14. Nd4 Bg7 15. N2f3 Nd7 16. Qc2 Nc5 17. Rae1 Bd7 0-1

[Event "GER HS-234 email"]
[Site "GER email"]
[Date "2017.11.25"]
[Round "?"]
[White "Schmitt, Carsten"]
[Black "Langhans, Heiko"]
[Result "1/2-1/2"]
[WhiteElo "2179"]
[BlackElo "1854"]
[PlyCount "60"]
[EventDate "2017.12.01"]
[EventType "tourn (corr)"]
[EventRounds "6"]
[EventCountry "GER"]
[SourceTitle "Corr 2022"]
[Source "ChessBase"]
[SourceDate "2021.10.24"]
[SourceVersion "1"]
[SourceVersionDate "2021.10.24"]
[SourceQuality "1"]

1. c4 Nf6 2. g3 c6 3. Bg2 d5 4. Nf3 dxc4 5. 0-0 Nbd7 6. Qc2 e5 7. Qxc4 Bd6 8. d3 0-0 9. a3 a5 10. b3 Nc5 11. Nbd2 Be6 12. Qc2 a4 13. b4 Nb3 14. Nxb3 Bxb3 15. Qb2 Re8 16. Bg5 h6 17. Bxf6 Qxf6 18. Nd2 Bd5 19. Ne4 Qe6 20. Nxd6 Qxd6 21. Rac1 Rac8 22. Bxd5 cxd5 23. Rc2 d4 24. Rfc1 Qe6 25. b5 g6 26. b6 Rxc2 27. Rxc2 Ra8 28. Rc5 Ra6 29. Rb5 Qd6 30. Qb4 Qxb4 1/2-1/2

[Event "GER HS-231 email"]
[Site "GER email"]
[Date "2017.08.29"]
[Round "?"]
[White "Preussner, Michael"]
[Black "Schmitt, Carsten"]
[Result "0-1"]
[WhiteElo "1847"]
[BlackElo "2179"]
[PlyCount "94"]
[EventDate "2017.09.04"]
[EventType "tourn (corr)"]
[EventRounds "6"]
[EventCountry "GER"]
[SourceTitle "Corr 2022"]
[Source "ChessBase"]
[SourceDate "2021.10.24"]
[SourceVersion "1"]
[SourceVersionDate "2021.10.24"]
[SourceQuality "1"]

1. e4 e6 2. d4 d5 3. Nc3 Nf6 4. e5 Nfd7 5. f4 c5 6. Nf3 Nc6 7. Be3 a6 8. Qd2 b5 9. a3 Qa5 10. Rb1 Rb8 11. g3 Be7 12. dxc5 b4 13. axb4 Rxb4 14. Nd1 Nxc5 15. c3 Nb3 16. Qc2 Rb8 17. Bd3 h6 18. 0-0 0-0 19. Nf2 Bc5 20. Bxc5 Qxc5 21. Qe2 a5 22. Bc2 Qa7 23. Qd3 g6 24. Rfe1 Ba6 25. Qd1 Bc4 26. Bxb3 Bxb3 27. Qd2 Kg7 28. Rbc1 Bc4 29. Kg2 Qb7 30. Ng4 Rh8 31. Rb1 d4 32. Kh3 Qa6 33. cxd4 Rb3 34. Ne3 Bd3 35. Rbc1 Be4 36. Nh4 Nb4 37. Ng4 Qd3 38. Red1 Nd5 39. Qxd3 Bxd3 40. Rc3 Nxc3 41. Rxd3 a4 42. bxc3 a3 43. Rd1 a2 44. Ra1 Ra8 45. Ne3 Rxc3 46. Nhg2 Rb3 47. Nc2 Rb1 0-1

[Event "GER HS-230 email"]
[Site "GER email"]
[Date "2017.08.14"]
[Round "?"]
[White "Schmitt, Carsten"]
[Black "Schlosser, Ronny"]
[Result "1-0"]
[WhiteElo "2166"]
[BlackElo "1874"]
[PlyCount "133"]
[EventDate "2017.08.18"]
[EventType "tourn (corr)"]
[EventRounds "6"]
[EventCountry "GER"]
[SourceTitle "Corr 2022"]
[Source "ChessBase"]
[SourceDate "2021.10.24"]
[SourceVersion "1"]
[SourceVersionDate "2021.10.24"]
[SourceQuality "1"]

1. c4 Nf6 2. g3 e6 3. Bg2 d5 4. Nf3 dxc4 5. Qa4+ c6 6. Qxc4 b5 7. Qc2 Bb7 8. 0-0 Nbd7 9. a4 Be7 10. d3 a6 11. Nc3 Rc8 12. e4 0-0 13. h3 b4 14. Nb1 c5 15. Nbd2 Nb8 16. Nc4 Nfd7 17. Be3 a5 18. Nfd2 Ba6 19. e5 Nb6 20. f4 Nc6 21. Nxb6 Qxb6 22. Nb3 Nd4 23. Bxd4 cxd4 24. Qd1 Bd8 25. Rf2 Qa7 26. Be4 Kh8 27. Qf3 Qb6 28. Qh5 g6 29. Qd1 Qb8 30. h4 Rg8 31. Rc1 Rxc1 32. Qxc1 Kg7 33. Rc2 h5 34. Nc5 Bc8 35. b3 Re8 36. Bg2 Be7 37. Kf2 Rd8 38. Bf3 Kf8 39. Ke2 Kg8 40. Ke1 Kg7 41. Kf1 Kh7 42. Ke2 Kg8 43. Ne4 Ba6 44. Nd2 Rd7 45. Be4 Qd8 46. Qg1 Rc7 47. Rxc7 Qxc7 48. g4 Kf8 49. Qg3 hxg4 50. Qxg4 Qc1 51. h5 gxh5 52. Qxh5 Qg1 53. Qh8+ Qg8 54. Qh2 Kg7 55. Nf3 Qh8 56. Qxh8+ Kxh8 57. Nxd4 Bd8 58. Bc6 Kh7 59. Nf3 Kg7 60. Nd2 f5 61. Bb5 Bb7 62. Nc4 Kf8 63. Ke3 Ke7 64. Kd4 Bf3 65. Kc5 Bd1 66. Nd2 Kf7 67. Kd6 1-0

[Event "GER HS-230 email"]
[Site "GER email"]
[Date "2017.08.14"]
[Round "?"]
[White "Schmitt, Carsten"]
[Black "Zill, Eberhard"]
[Result "1/2-1/2"]
[WhiteElo "2166"]
[BlackElo "2071"]
[PlyCount "117"]
[EventDate "2017.08.18"]
[EventType "tourn (corr)"]
[EventRounds "6"]
[EventCountry "GER"]
[SourceTitle "Corr 2022"]
[Source "ChessBase"]
[SourceDate "2021.10.24"]
[SourceVersion "1"]
[SourceVersionDate "2021.10.24"]
[SourceQuality "1"]

1. c4 e5 2. g3 Nf6 3. Bg2 d5 4. cxd5 Nxd5 5. Nc3 Nb6 6. Nf3 Nc6 7. 0-0 Be7 8. d3 0-0 9. Be3 Be6 10. Rc1 Nd5 11. Nxd5 Bxd5 12. Qa4 Re8 13. a3 a6 14. Nd2 f5 15. Rfe1 Bxg2 16. Kxg2 Kh8 17. Qc4 Qd7 18. b4 Rad8 19. Nf3 h6 20. Red1 Bd6 21. Bc5 Kh7 22. a4 Bxc5 23. bxc5 Nd4 24. Nxd4 exd4 25. c6 bxc6 26. Qxc6 Rxe2 27. Qb7 Re7 28. Rc4 f4 29. Rdc1 Rb8 30. Qf3 fxg3 31. hxg3 Rb2 32. Rxc7 Qxc7 33. Rxc7 Rxc7 34. Kh3 Rcc2 35. Qe4+ Kh8 36. f4 Rh2+ 37. Kg4 Rb6 38. Kf3 Rd6 39. f5 Rb2 40. g4 Rb8 41. Qe5 Rbd8 42. Ke4 Kh7 43. Qc5 Rf6 44. Qe7 Rdd6 45. Ke5 Rb6 46. Qc5 Rb1 47. Qxd4 h5 48. Qe4 hxg4 49. d4 Rg1 50. d5 g3 51. Qe3 Rf1 52. Qxg3 R1xf5+ 53. Ke4 Rh5 54. Kd4 Rhh6 55. Kc5 Rhg6 56. Qh2+ Rh6 57. Qg3 Rhg6 58. Qh2+ Rh6 59. Qg3 1/2-1/2